Neve`s the city and country purchaser and builder`s dictionary, a reprint of the work subtitled `The Complete Builders Guide`, published 1726 (Record no. 86445)

MARC details
000 -LEADER
fixed length control field 00537cam a2200181 4500
001 - CONTROL NUMBER
control field D7517
008 - FIXED-LENGTH DATA ELEMENTS--GENERAL INFORMATION
fixed length control field 090401t1969 xxu||||| |||| 00| 0 eng d
035 ## - SYSTEM CONTROL NUMBER
System control number (Sirsi) u7804
041 ## - LANGUAGE CODE
Language code of text/sound track or separate title eng
050 ## - LIBRARY OF CONGRESS CALL NUMBER
Classification number 690
100 ## - MAIN ENTRY--PERSONAL NAME
Personal name Neve, Richard
245 ## - TITLE STATEMENT
Title Neve`s the city and country purchaser and builder`s dictionary, a reprint of the work subtitled `The Complete Builders Guide`, published 1726
260 ## - PUBLICATION, DISTRIBUTION, ETC.
Place of publication, distribution, etc. London
Name of publisher, distributor, etc. David and Charles Reprints
Date of publication, distribution, etc. 1969
300 ## - PHYSICAL DESCRIPTION
Extent xx. 284p. 23cm
350 ## - PRICE (NR) (BK AM CF MU VM SE) [OBSOLETE]
Price 4.2
942 ## - ADDED ENTRY ELEMENTS (KOHA)
Suppress in OPAC 0
948 ## - LOCAL PROCESSING INFORMATION (OCLC); SERIES PART DESIGNATOR (RLIN)
c (OCLC) 04/03/1997
Holdings
Withdrawn status Lost status Source of classification or shelving scheme Damaged status Not for loan Home library Current library Shelving location Date acquired Cost, normal purchase price Total Checkouts Full call number Barcode Date last seen Copy number Cost, replacement price Price effective from Koha item type
    Dewey Decimal Classification     London London Basement 14/09/1999 4.20   BASEMENT 30020027 06/08/2019 1 4.20 06/08/2019 Book